000
00300nam a22001217a 4500
008
180806b xxu||||| |||| 00| 0 eng d
082
_a
813.52
245
_a
When baby comes early a parent's guide to prematurity
_c
Dimes
260
_c
2002
300
_a
1
_f
CD
440
_x
09191604
942
_2
ddc
_c
MX
999
_c
46804
_d
46804